=LDR 00000nam 2200000 4500 =001 NUTBA000000000003912 =005 20140829093112.0 =006 =007 =008 =020 ##$$a 978-979-29-3933-0 =035 ##$$a 0010-081400000000757 =040 ##$$a NBPDMAT =082 ##$$a 540.76 =084 ##$$a 540.76 Agu b =100 ##$$a Agus Kamaludin =245 ##$$a Babat Habis UN SMA. Cara Jitu sukse UN Dengan Mudah / $c Agus Kamaludin; editor, Benedicta Riniw =260 ##$$a Yogyakarta : $b Andi, $c 2013 =300 ##$$a 252 hlm. : $b ilus. ; $c 28 cm. =650 ##$$a Kimia-SMA-soal,dsb =700 ##$$a Benedicta Riniw =990 ##$$a 21409627 =990 ##$$a 0001/BPAP-NTB/20142014 =990 ##$$a 0001/BPAP-NTB/20142014 =990 ##$$a 0001/BPAP-NTB/20142014 =990 ##$$a 0001/BPAP-NTB/20142014 =990 ##$$a 0001/BPAP-NTB/20142014